| 000 | 00886cam a22002773a 4500 | ||
|---|---|---|---|
| 001 | 27201 | ||
| 003 | PGUSA | ||
| 005 | 20140828083604.0 | ||
| 008 | 081108s2008||||xxu|||||s|||||000 | eng d | ||
| 040 |
_aPGUSA _beng |
||
| 042 | _adc | ||
| 050 | 4 | _aPQ | |
| 100 | 1 |
_aBrieux, Eugène, _d1858-1932 |
|
| 245 | 1 | 0 |
_aWoman on Her Own, False Gods and The Red Robe : _bThree Plays By Brieux _h[electronic resource] / _cEugène Brieux |
| 260 |
_bProject Gutenberg, _c2008 |
||
| 500 | _aTranslations of: La femme seule, La foi, La robe rouge. | ||
| 506 | _aPublic domain in the USA. | ||
| 516 | _aElectronic text | ||
| 653 | _aFrench drama | ||
| 700 | 1 | _aShaw, Charlotte Frances Payne-Townshend | |
| 700 | 1 |
_aMiall, Bernard, _d1876- |
|
| 700 | 1 |
_aFagan, James Bernard, _d1873-1933 |
|
| 830 | 0 |
_aProject Gutenberg _v27201 |
|
| 856 | 4 | 0 | _uhttp://www.gutenberg.org/ebooks/27201 |
| 942 | _cEB | ||
| 999 |
_c256456 _d256456 |
||